Disney Movies by Synonyms - Statistics

General Stats
  • This quiz has been taken 32 times
  • The average score is 11 of 18
Answer Stats
Hint Answer % Correct
Icy Frozen
97%
Outside In Inside Out
90%
Knotted Tangled
83%
An Insect's Existence A Bug's Life
80%
The Empress and the Toad The Princess and the Frog
80%
Above Up
77%
Dozing Stunner Sleeping Beauty
70%
Large Champion Six Big Hero 6
67%
The Tiny Siren The Little Mermaid
63%
Becoming Scarlet Turning Red
60%
Woman and the Hobo Lady and the Tramp
53%
The Empress Journals The Princess Diaries
53%
The Feline Ruler The Lion King
50%
Frost Ivory Snow White
43%
The Forest Tome The Jungle Book
40%
Charmed Enchanted
37%
Dash Bolt
30%
The Guardian Trick The Parent Trap
10%
No matching quizzes found
Score Distribution
Percent of People with Each Score
Percentile by Number Answered
Your Score History
You have not taken this quiz